[Event "Montpellier op-B"]
[Site "Montpellier"]
[Date "1999.??.??"]
[Round "4"]
[White "Brunner, Nicolas"]
[Black "Rue, Eric"]
[Result "1/2-1/2"]
[WhiteElo "2016"]
[BlackElo "2140"]
[PlyCount "111"]
[EventDate "1999.??.??"]
[EventType "swiss"]
[EventRounds "9"]
[EventCountry "FRA"]
[SourceTitle "EXT 2001"]
[Source "ChessBase"]
[SourceDate "2000.11.22"]
[SourceVersion "1"]
[SourceVersionDate "2000.11.22"]
[SourceQuality "1"]

1. d4 Nf6 2. Nf3 g6 3. c4 Bg7 4. Nc3 0-0 5. e4 d6 6. Be2 e5 7. 0-0 Nc6 8. d5 Ne7 9. Ne1 Nd7 10. Be3 f5 11. f3 f4 12. Bf2 g5 13. a4 Rf7 14. a5 a6 15. Nd3 Nf6 16. c5 h5 17. cxd6 cxd6 18. Na4 g4 19. Nb6 Rb8 20. Nxc8 Rxc8 21. Bb6 Qd7 22. Qd2 h4 23. Rac1 h3 24. gxh3 g3 25. Rxc8+ Nxc8 26. Kg2 Nxb6 27. axb6 gxh2 28. Kxh2 Qd8 29. Qb4 Bf8 30. Rc1 Rh7 31. Rc7 Rxc7 32. bxc7 Qxc7 33. Qc3 Qg7 34. Qe1 Nh5 35. Bf1 Ng3 36. Bg2 Qc7 37. Qc1 Qxc1 38. Nxc1 Be7 39. Kg1 Bd8 40. Kf2 Bh4 41. Kg1 Kf7 42. Bf1 Ke7 43. Nb3 Kd7 44. Bd3 Bd8 45. Kf2 b5 46. Ke1 Kc8 47. Kd1 Kb7 48. Nd2 Kb6 49. b4 a5 50. Kc2 axb4 51. Nb3 Nh5 52. h4 Bxh4 53. Kd1 Nf6 54. Bf1 Nd7 55. Bh3 Nc5 56. Kc2 1/2-1/2

[Event "FRA-chT 9697 fin"]
[Site "Clichy"]
[Date "1997.05.04"]
[Round "11"]
[White "Rue, Eric"]
[Black "Vaisman, Volodia"]
[Result "1/2-1/2"]
[WhiteElo "2135"]
[BlackElo "2380"]
[PlyCount "31"]
[EventDate "1997.??.??"]
[EventType "team-tourn"]
[EventRounds "4"]
[EventCountry "FRA"]
[SourceTitle "EXT 1999"]
[Source "ChessBase"]
[SourceDate "1998.11.16"]
[SourceVersion "1"]
[SourceVersionDate "1998.11.16"]
[SourceQuality "1"]

1. e4 e6 2. d3 d5 3. Nd2 Nf6 4. Ngf3 c5 5. g3 Nc6 6. Bg2 b6 7. 0-0 Bb7 8. e5 Nd7 9. Re1 Be7 10. Nf1 g5 11. h3 h5 12. c3 g4 13. hxg4 hxg4 14. N3h2 Qc7 15. d4 0-0-0 16. Nxg4 1/2-1/2

[Event "FRA-chT 9697 fin"]
[Site "Clichy"]
[Date "1997.05.03"]
[Round "10"]
[White "Rue, Eric"]
[Black "Lefebvre, Herve"]
[Result "1-0"]
[WhiteElo "2100"]
[BlackElo "2135"]
[PlyCount "75"]
[EventDate "1997.??.??"]
[EventType "team-tourn"]
[EventRounds "4"]
[EventCountry "FRA"]
[SourceTitle "EXT 1999"]
[Source "ChessBase"]
[SourceDate "1998.11.16"]
[SourceVersion "1"]
[SourceVersionDate "1998.11.16"]
[SourceQuality "1"]

1. g3 g6 2. Bg2 Bg7 3. e4 c5 4. Nc3 Nc6 5. d3 d6 6. f4 e6 7. Nh3 Nge7 8. Nf2 0-0 9. 0-0 f5 10. Be3 Rb8 11. Rb1 b5 12. Ne2 Qa5 13. a3 b4 14. axb4 Qxb4 15. c3 Qb5 16. b3 a5 17. d4 cxd4 18. Nxd4 Nxd4 19. Bxd4 e5 20. c4 Qa6 21. fxe5 Nc6 22. Ba1 Nxe5 23. Qd5+ Nf7 24. Bxg7 Kxg7 25. Qd4+ Kg8 26. Rfd1 Qb6 27. Qxb6 Rxb6 28. Rd5 Be6 29. Rxa5 Bxc4 30. exf5 Kg7 31. fxg6 hxg6 32. Bd5 Bxd5 33. Rxd5 Rfb8 34. Rd3 Ne5 35. Rc3 R8b7 36. Kg2 d5 37. Re3 Kf6 38. Rf1 1-0

[Event "FRA-chT 9697 fin"]
[Site "Clichy"]
[Date "1997.05.01"]
[Round "8"]
[White "Rue, Eric"]
[Black "Gervais, Claire"]
[Result "1/2-1/2"]
[WhiteElo "2100"]
[BlackElo "2255"]
[PlyCount "53"]
[EventDate "1997.??.??"]
[EventType "team-tourn"]
[EventRounds "4"]
[EventCountry "FRA"]
[SourceTitle "EXT 1999"]
[Source "ChessBase"]
[SourceDate "1998.11.16"]
[SourceVersion "1"]
[SourceVersionDate "1998.11.16"]
[SourceQuality "1"]

1. e4 e6 2. Nc3 d5 3. g3 d4 4. Nce2 c5 5. d3 Nc6 6. f4 Nf6 7. Bg2 Be7 8. Nh3 h5 9. Nf2 e5 10. f5 g6 11. fxg6 fxg6 12. c3 Be6 13. cxd4 cxd4 14. a3 Ng4 15. Nxg4 hxg4 16. b4 b5 17. Bd2 Rc8 18. Rb1 a6 19. Nc1 Nb8 20. Nb3 Nd7 21. Na5 Bg5 22. Rc1 Rxc1 23. Qxc1 Bxd2+ 24. Qxd2 Qc7 25. 0-0 Nb6 26. Rc1 Qh7 27. Bf1 1/2-1/2